01768nam a2200373Ia 450000500170000000800410001702000180005804100080007610000240008424500720010825000530018030000480023349000190028149000220030050000420032252003820036452100450074653400220079165000490081365000490086265000360091165000340094765000350098170000410101683001460105794200150120326400270121833600270124533700330127233800280130504000350133308400110136899900150137920220316235817.0121119s2011 ck a g 000 1 spa  a9789580494089 aspa1 aKasza, Keikod1951-13aEl tigre y el ratóncKeiko Kasza ; traducción María Paz Amaya aEdición especial para el Ministerio de Cultura a32 páginasbilustraciones en colorc24 cm aBuenas noches  aLeer es mi cuento aIncluye datos biográficos del autor aRatón y Tigre son buenos amigos, pero no siempre fueron tan unidos: al ser Tigre mucho más grande y fuerte que Ratón, siempre tocaba a este último la peor parte en toda cuestión. Hasta que un buen día un desafortunado incidente forzó al límite la paciencia del roedor, y ante su rabia Tigre por fin aprendió a ponerse por un momento en los zapatos de Ratón. aRecomendado para niños de 2 a 4 años tRat and the tiger142LEMBaCuentos infantiles japonesesySiglo XX142LEMBaLiteratura infantil japonesaySiglo XX142LEMBaAnimales en la literatura142LEMBaTigres en la literatura142LEMBaRatones en la literatura10aPaz Amaya, Maríaetraductor941450 aColección para la Primera Infancia del Ministerio de Cultura, Plan Nacional de Lectura y Escritura Leer es mi cuento, Primera Infancia 2011 2loccBKINF aBogotábNorma c2011 atextobtxt2rdacontent asin mediaciónbn2rdamedia avolumenbnc2rdacarrier aCO-BoRNBPbspaerdacCO-BoRNBP aC KEI1 c2243d2243